Testamento de Francisco Villa lobos. (Record no. 8329)

MARC details
000 -CABECERA
campo de control de longitud fija 00798nam a2200253 a 4500
001 - NÚMERO DE CONTROL
campo de control BRCA_8671
005 - FECHA Y HORA DE LA ÚLTIMA TRANSACCIÓN
campo de control 20190320210350.0
041 ## - CÓDIGO DE LENGUA
Código de lengua del texto/banda sonora o título independiente spa
044 ## - CÓDIGO DEL PAÍS DE LA ENTIDAD EDITORA/PRODUCTORA
Código MARC del país mx
050 #4 - SIGNATURA TOPOGRÁFICA DE LA BIBLIOTECA DEL CONGRESO
Número de clasificación K720
Número de documento/Ítem .T47
-- 1586
245 10 - MENCIÓN DE TÍTULO
Título Testamento de Francisco Villa lobos.
260 ## - PUBLICACIÓN, DISTRIBUCIÓN, ETC.
Lugar de publicación, distribución, etc. México
Nombre del editor, distribuidor, etc. [s.e.]
Fecha de publicación, distribución, etc. 1586
300 ## - DESCRIPCIÓN FÍSICA
Extensión 1 vol. (sin paginación)
Dimensiones 31 cm
500 ## - NOTA GENERAL
Nota general Fondo antiguo
500 ## - NOTA GENERAL
Nota general Se encuentra en Caja Fuerte
500 ## - NOTA GENERAL
Nota general D-127
500 ## - NOTA GENERAL
Nota general Estado fisíco: se encuentra en hojas sueltas deterioradas
500 ## - NOTA GENERAL
Nota general Nota de encuadernación: se conserva en carpeta de piel con broches
500 ## - NOTA GENERAL
Nota general Texto escrito a mano
506 0# - NOTA DE RESTRICCIONES AL ACCESO
Limitaciones de acceso Fondo reservado: para su consulta es necesario credencial de usuario y carta de motivos
650 14 - PUNTO DE ACCESO ADICIONAL DE MATERIA--TÉRMINO DE MATERIA
Término de materia o nombre geográfico como elemento de entrada Propiedades
Subdivisión geográfica México
9 (RLIN) 21633
902 ## - CATALOGADOR
Iniciales LAR
942 ## - ELEMENTOS DE PUNTO DE ACCESO ADICIONAL (KOHA)
Fuente del sistema de clasificación o colocación Library of Congress Classification
Tipo de ítem Koha Libros
Holdings
Estado de retiro Estado de pérdida Estado dañado No para préstamo Localización permanente Ubicación/localización actual Fecha de adquisición Número de inventario Total de préstamos Signatura topográfica completa Código de barras Fecha visto por última vez Precio válido a partir de Tipo de ítem Koha
El ejemplar forma parte de la colección y puede ser consultado según las políticas vigentes.       Biblioteca del Museo Franz Mayer (Rogerio Casas-Alatriste) Biblioteca del Museo Franz Mayer (Rogerio Casas-Alatriste) 02/12/2016 D-127   K720 .T47 1586 (D-127) LAR00169 22/03/2019 22/03/2019 Libros